| 000 | 00474nmm a2200157Ia 4500 | ||
|---|---|---|---|
| 008 | 251105s9999||||xx |||||||||||||||||und|| | ||
| 020 | _a9789560107015 | ||
| 041 | _aspa | ||
| 100 | _aSepúlveda Carrasco, Roger | ||
| 245 | 0 | _aColumnas desde el Biobío (2012-2018) | |
| 264 |
_a[Santiago de Chile, Chile] : _bRil editores, _c2019 |
||
| 300 | _a216 páginas | ||
| 650 | _aLatin American narrative | ||
| 856 | _uhttps://public.digitaliapublishing.com/a/65492 | ||
| 942 | _cCF | ||
| 999 |
_c94025 _d94025 |
||